Представление документа в формате MARC21

Поле Инд. ПП Название Значение
Тип записи a
Библиографический уровень b
001 Контрольный номер RU/IS/BASE/253199845
005 Дата корректировки 20200630193144.6
008 Кодируемые данные 20080109
040 b Код языка каталог. rus
e Правила каталог. PSBO
041 0_ a Код языка текста rus
084 a Индекс другой классификации/Индекс ББК 60.542.15(2Рос)-7; 60.561.51(2Рос)
100 1_ a Автор Бессчетнова О. В.
q Полное имя Бессчетнова Оксана Владимировна
245 10 a Заглавие Семейное насилие: что думает об этом современная молодежь
504 a Библиография Библиогр. ссылки
650 a Основная рубрика общественное мнение
a Основная рубрика социология
a Основная рубрика социология групп
a Основная рубрика социология семьи
653 a Ключевые слова молодежь
a Ключевые слова Россия
a Ключевые слова семейное насилие
a Ключевые слова семья
773 0_ t Заглавие источника Вестник Московского университета. Серия 18, Социология и политология
d Дата издания источника 2007
g Прочая информация № 3. - С. 57 - 65
w Контрольный № источника RU/IS/BASE/250005829
901 t Тип документа b